Statistics for Countries by Point of Lowest Elevation

Click here to take the quiz!

General Stats

  • This quiz has been taken 231 times
  • The average score is 10 of 18

Answer Stats

mftDepressionCountry% Correct
−428−1404Dead SeaIsrael | Jordan
98%
−28−92Caspian SeaAzerbaijan | Iran | Russia
88%
−214−702Sea of GalileeSyria
82%
−86−281Badwater BasinUnited States
75%
−7−23LammefjordDenmark
67%
−4−13The FensUnited Kingdom
64%
−4−13Hachiro-gataJapan
62%
−15−49Lake EyreAustralia
58%
−10−33Étang de LavalducFrance
57%
−133−436Qattara DepressionEgypt
56%
−105−344Laguna del CarbónArgentina
49%
−154−505Ayding LakeChina
46%
−3−10North SlobIreland
43%
−132−433KaragiyeKazakhstan
41%
−155−509Lake AssalDjibouti
30%
−12−39Sariqarnish KuliUzbekistan
29%
−40−131Chott MelrhirAlgeria
27%
−75−246Lake KululEritrea
20%

Score Distribution

Percentile by Number Answered

Percent of People with Each Score

Your Score History

You have not taken this quiz